<?xml version="1.0" encoding="UTF-8"?>
<record
    xmlns:xsi="http://www.w3.org/2001/XMLSchema-instance"
    xsi:schemaLocation="http://www.loc.gov/MARC21/slim http://www.loc.gov/standards/marcxml/schema/MARC21slim.xsd"
    xmlns="http://www.loc.gov/MARC21/slim">

  <leader>04384nam a2200469Ia 4500</leader>
  <controlfield tag="001">dia_4595</controlfield>
  <controlfield tag="003">CHAP</controlfield>
  <controlfield tag="005">20241112100609.0</controlfield>
  <controlfield tag="007">ta</controlfield>
  <controlfield tag="008">220117s2009    mx bdeofrm    001 0 spa d</controlfield>
  <datafield tag="010" ind1=" " ind2=" ">
    <subfield code="a">175260</subfield>
  </datafield>
  <datafield tag="040" ind1=" " ind2=" ">
    <subfield code="c">CHAP</subfield>
    <subfield code="a">mxchpua</subfield>
    <subfield code="e">rda</subfield>
  </datafield>
  <datafield tag="041" ind1="0" ind2=" ">
    <subfield code="a">spa</subfield>
    <subfield code="b">eng</subfield>
  </datafield>
  <datafield tag="090" ind1=" " ind2=" ">
    <subfield code="a">Tesis </subfield>
    <subfield code="b">M372 </subfield>
    <subfield code="c">2009</subfield>
  </datafield>
  <datafield tag="100" ind1="1" ind2=" ">
    <subfield code="a">Mart&#xED;nez Tenango, Eduardo</subfield>
  </datafield>
  <datafield tag="240" ind1="1" ind2="0">
    <subfield code="a">Project of technician-economic feasibility for the installation of a packer of tomato (Lycopersicum esculentum Mill) in Cuautla, Morelos, Mex. </subfield>
    <subfield code="l">Espa&#xF1;ol</subfield>
  </datafield>
  <datafield tag="245" ind1="1" ind2="0">
    <subfield code="a">Proyecto de factibilidad t&#xE9;cnico-econ&#xF3;mico para la instalaci&#xF3;n de una empacadora de jitomate (Lycopersicum esculentum Mill) en Cuautla, Morelos, M&#xE9;xico /</subfield>
    <subfield code="c">Eduardo Mart&#xED;nez Tenango</subfield>
  </datafield>
  <datafield tag="264" ind1=" " ind2=" ">
    <subfield code="a">Chapingo, M&#xE9;xico :</subfield>
    <subfield code="b">El autor,</subfield>
    <subfield code="c">2009</subfield>
  </datafield>
  <datafield tag="300" ind1=" " ind2=" ">
    <subfield code="a">viii, 127 hojas :</subfield>
    <subfield code="b">mapas, gr&#xE1;ficas, diagramas, tablas, fotos, planos +</subfield>
    <subfield code="e">1 CD-ROM</subfield>
  </datafield>
  <datafield tag="336" ind1=" " ind2=" ">
    <subfield code="2">rdacontent</subfield>
    <subfield code="a">texto</subfield>
    <subfield code="b">txt</subfield>
  </datafield>
  <datafield tag="337" ind1=" " ind2=" ">
    <subfield code="2">rdamedia</subfield>
    <subfield code="a">no mediado</subfield>
    <subfield code="b">n</subfield>
  </datafield>
  <datafield tag="338" ind1=" " ind2=" ">
    <subfield code="2">rdacarrier</subfield>
    <subfield code="a">volumen</subfield>
    <subfield code="b">nc</subfield>
  </datafield>
  <datafield tag="500" ind1=" " ind2=" ">
    <subfield code="a">El CD contiene el reporte</subfield>
  </datafield>
  <datafield tag="502" ind1=" " ind2=" ">
    <subfield code="a">Tesis</subfield>
    <subfield code="b">(Ingeniero Agroindustrial) -- </subfield>
    <subfield code="c">UACh. Departamento de Ingenieria Agroindustrial, </subfield>
    <subfield code="d">2009</subfield>
  </datafield>
  <datafield tag="504" ind1=" " ind2=" ">
    <subfield code="a">Bibliograf&#xED;a: hojas 112-114</subfield>
  </datafield>
  <datafield tag="505" ind1="0" ind2="0">
    <subfield code="a">2 planos: --
1. Plano de distribuci&#xF3;n de &#xE1;reas (Esc. 1:300) --
2. Plano de distribuci&#xF3;n de equipo (Esc.. 1:300)</subfield>
  </datafield>
  <datafield tag="520" ind1="3" ind2=" ">
    <subfield code="a">El Estado de Morelos actualmente se coloca como s&#xE9;ptimo productor de jitomate a nivel nacional. Donde la producci&#xF3;n bajo invernadero estaba controlada hasta el 2007 por el Consejo Estatal de Productores de Jitomate del Estado de Morelos (CEPJM) y por empresas privadas, los cuales tienen la infraestructura necesaria para empacar su fruta. Debido a apoyos de SAGARPA a productores de bajos recursos y en zonas marginadas durante el 2008 se consolidaron en cuatro organizaciones mismas que presentaron problemas en la comercializaci&#xF3;n del primer ciclo de producci&#xF3;n. Por esta raz&#xF3;n, es necesaria la instalaci&#xF3;n de una empacadora que capte y comercialice la producci&#xF3;n de la zona. Para ello, se sugiere la creaci&#xF3;n de una SA de CV que integre a las organizaciones.
El an&#xE1;lisis financiero para la instalaci&#xF3;n de la empacadora estima un presupuesto de inversi&#xF3;n inicial de $12,811,998.85, el cual ser&#xE1; financiado en un 71.18% por los socios y el 28.82% restante por cr&#xE9;dito FIRA. En el an&#xE1;lisis financiero se obtuvieron los siguientes resultados para los indicadores VAN= 10,840,407, TIR=19.4%, B/C=1.028, N/K=2.099. Lo anterior, indica viabilidad financiera para llevar a cabo el proyecto. --</subfield>
  </datafield>
  <datafield tag="520" ind1="3" ind2=" ">
    <subfield code="a">Nowadays Morelos state is placed as seventh producing of tomato at national level. Where the production lowers greenhouse it was controlled up to the 2007 by the tomato producing council state of Morelos (CEPJM) and for private companies, which have the necessary infrastructure to pack its fruit. Due to supports of SAGARPA to producing of low resources and in areas excluded during the 2008 they consolidated in four same organizations that presented problems in the commercialization of the first production cycle. For this reason it is necessary the installation of a packer that captures and market the production of the area. For it is suggested it the creation of an SA of CV that integrates to the organizations.
The financial analysis for the packer's installation estimates a budget of initial
investment of $12,811,998.85, which will be financed in 71.17% by the partners and 28.83 % remaining for credit FIRA. In the financial analysis the following results were obtained for the indicative Present Net Value (PNV) of $10,840,407, Internal Return Rate (IRR) of 19.4%, B/C=1.028, N/K=2.099. The above-mentioned, indicates financial viability to carry out the project.</subfield>
  </datafield>
  <datafield tag="650" ind1="1" ind2="3">
    <subfield code="a">Tomates</subfield>
    <subfield code="x">Plantas empacadoras  </subfield>
    <subfield code="2">atg</subfield>
    <subfield code="z">M&#xE9;xico</subfield>
    <subfield code="z">Morelos</subfield>
  </datafield>
  <datafield tag="650" ind1="1" ind2="3">
    <subfield code="a">Iniciativa empresarial</subfield>
    <subfield code="z">M&#xE9;xico</subfield>
    <subfield code="z">Morelos  </subfield>
    <subfield code="2">atg</subfield>
  </datafield>
  <datafield tag="650" ind1="1" ind2="3">
    <subfield code="a">Tomatoes</subfield>
    <subfield code="x">Packing houses  </subfield>
    <subfield code="2">atg</subfield>
    <subfield code="z">Mexico</subfield>
    <subfield code="z">Morelos</subfield>
  </datafield>
  <datafield tag="650" ind1="1" ind2="3">
    <subfield code="a">Entrepreneurship</subfield>
    <subfield code="z">Mexico</subfield>
    <subfield code="z">Morelos</subfield>
    <subfield code="2">atg</subfield>
  </datafield>
  <datafield tag="700" ind1="1" ind2=" ">
    <subfield code="a">Ponce Hern&#xE1;ndez, Pedro</subfield>
    <subfield code="e">director</subfield>
  </datafield>
  <datafield tag="700" ind1="1" ind2=" ">
    <subfield code="a">Ascencio Rivera, J. Rogelio</subfield>
    <subfield code="e">asesor</subfield>
  </datafield>
  <datafield tag="700" ind1="1" ind2=" ">
    <subfield code="a">P&#xE9;rez Pelayo, Fernando</subfield>
    <subfield code="e">asesor</subfield>
  </datafield>
  <datafield tag="901" ind1=" " ind2=" ">
    <subfield code="a">Tesis M372 2009</subfield>
  </datafield>
  <datafield tag="902" ind1=" " ind2=" ">
    <subfield code="a">M</subfield>
  </datafield>
  <datafield tag="905" ind1=" " ind2=" ">
    <subfield code="a">0000002009                          mx a m 0000000000spa00</subfield>
  </datafield>
  <datafield tag="942" ind1=" " ind2=" ">
    <subfield code="c">TESIS</subfield>
    <subfield code="2">Clasificaci&#xF3;n Universidad Aut&#xF3;noma Chapingo</subfield>
  </datafield>
  <datafield tag="999" ind1=" " ind2=" ">
    <subfield code="c">175260</subfield>
    <subfield code="d">175260</subfield>
  </datafield>
  <datafield tag="952" ind1=" " ind2=" ">
    <subfield code="0">0</subfield>
    <subfield code="1">0</subfield>
    <subfield code="2">local</subfield>
    <subfield code="4">0</subfield>
    <subfield code="5">5</subfield>
    <subfield code="7">0</subfield>
    <subfield code="8">TESIS</subfield>
    <subfield code="a">IA_</subfield>
    <subfield code="b">IA_</subfield>
    <subfield code="d">2022-01-18</subfield>
    <subfield code="e">El autor</subfield>
    <subfield code="l">1</subfield>
    <subfield code="o">Tesis M372 2009</subfield>
    <subfield code="p">1101000983</subfield>
    <subfield code="r">2026-02-02 00:00:00</subfield>
    <subfield code="s">2024-11-21</subfield>
    <subfield code="t">Ej. 2</subfield>
    <subfield code="w">2022-01-18</subfield>
    <subfield code="y">TESIS</subfield>
  </datafield>
  <datafield tag="952" ind1=" " ind2=" ">
    <subfield code="0">0</subfield>
    <subfield code="1">0</subfield>
    <subfield code="2">local</subfield>
    <subfield code="4">0</subfield>
    <subfield code="5">1</subfield>
    <subfield code="7">0</subfield>
    <subfield code="8">TESIS</subfield>
    <subfield code="a">IA_</subfield>
    <subfield code="b">IA_</subfield>
    <subfield code="d">2022-01-18</subfield>
    <subfield code="e">El autor</subfield>
    <subfield code="l">0</subfield>
    <subfield code="o">Tesis M372 2009</subfield>
    <subfield code="p">1101000982</subfield>
    <subfield code="r">2026-02-02 00:00:00</subfield>
    <subfield code="t">Ej. 1</subfield>
    <subfield code="w">2022-01-18</subfield>
    <subfield code="y">TESIS</subfield>
  </datafield>
  <datafield tag="952" ind1=" " ind2=" ">
    <subfield code="0">0</subfield>
    <subfield code="1">0</subfield>
    <subfield code="2">local</subfield>
    <subfield code="4">0</subfield>
    <subfield code="5">1</subfield>
    <subfield code="7">0</subfield>
    <subfield code="8">TESIS</subfield>
    <subfield code="a">IA_</subfield>
    <subfield code="b">IA_</subfield>
    <subfield code="d">2024-11-11</subfield>
    <subfield code="e">El autor</subfield>
    <subfield code="l">0</subfield>
    <subfield code="o">Tesis M372 2009</subfield>
    <subfield code="p">1101013977</subfield>
    <subfield code="r">2024-11-11 17:57:01</subfield>
    <subfield code="t">Ej. 3</subfield>
    <subfield code="w">2024-11-11</subfield>
    <subfield code="y">CD</subfield>
  </datafield>
</record>
